000 00502nam a2200181 4500
001 117647
003 ES-MaACL
005 20250407063113.0
007 t|
008 070214s1979 sp r ||||1| cat d
100 1 _aPedrolo, Manuel de,
_d1918-1991
_989937
245 1 0 _aMilions d'ampolles buides /
_cManuel de Pedrolo.
250 _a[2ยช ed.].
260 _aBarcelona :
_bLaia,
_c1979.
300 _a286 p. ;
_c20 cm.
852 _aES-MaACL
_jA-10403
_bR.99566
999 _c117647
_d117647